Welcome to CU Library Online Public Access Catalogue (OPAC)

Criminal Code (Amendment) Act, 1998 : (Record no. 1335)

MARC details
000 -LEADER
fixed length control field 00501cam a2200169 a 4500
001 - CONTROL NUMBER
control field 14335732
005 - DATE AND TIME OF LATEST TRANSACTION
control field 20241119093003.0
008 - FIXED-LENGTH DATA ELEMENTS--GENERAL INFORMATION
fixed length control field 060411s2004 gh a l f000 0 eng
050 00 - LIBRARY OF CONGRESS CALL NUMBER
Classification number KRX3794.51998
Item number .A4 2004
110 1# - MAIN ENTRY--CORPORATE NAME
Corporate name or jurisdiction name as entry element Ghana.
245 10 - TITLE STATEMENT
Title Criminal Code (Amendment) Act, 1998 :
Remainder of title Act 554 /
Statement of responsibility, etc. Republic of Ghana.
260 ## - PUBLICATION, DISTRIBUTION, ETC.
Place of publication, distribution, etc. Accra :
Name of publisher, distributor, etc. Govt. Printer, Assembly Press,
Date of publication, distribution, etc. [2004]
300 ## - PHYSICAL DESCRIPTION
Extent 13 p. :
Other physical details ill. ;
Dimensions 24 cm.
500 ## - GENERAL NOTE
General note Cover title.
650 #0 - SUBJECT ADDED ENTRY--TOPICAL TERM
Topical term or geographic name entry element Criminal law
Geographic subdivision Ghana.
942 ## - ADDED ENTRY ELEMENTS (KOHA)
Source of classification or shelving scheme Library of Congress Classification
Koha item type Books
Suppress in OPAC No
999 ## -
-- 1335
-- 1335
Holdings
Withdrawn status Lost status Source of classification or shelving scheme Damaged status Not for loan Collection Home library Current library Shelving location Date acquired Total checkouts Full call number Barcode Date last seen Copy number Price effective from Koha item type
    Library of Congress Classification     Non-fiction Law Library (Christ Temple) Law Library (Christ Temple) Reference 06/26/2025   KRX3794.3196A52 GHA LLCT00000794 06/26/2025 1 06/26/2025 Books
    Library of Congress Classification     Non-fiction Law Library (Miotso) Law Library (Miotso) General stacks 11/19/2024   KRX3794.3196A52 GHA LLM00000915 11/19/2024 1 11/19/2024 Books
    Library of Congress Classification     Non-fiction Law Library (Miotso) Law Library (Miotso) General stacks 11/19/2024   KRX3794.3196A52 GHA LLM00001100 11/19/2024 2 11/19/2024 Books
    Library of Congress Classification     Non-fiction Law Library (Miotso) Law Library (Miotso) General stacks 11/19/2024   KRX3794.3196A52 GHA LLM00001099 11/19/2024 3 11/19/2024 Books
© 2023-2024 Copyright: Central University Libraries. All Rights Reserved | Created by: Mahone Tech Office